000 00567nam a2200217Ia 4500
003 OSt
005 20221005115425.0
006 a|||||r|||| 00| 0
007 ta
008 221004b |||||||| |||| 00| 0 sat d
024 _a47409
037 _cTextual
040 _aCRL
_cCRL
_bsat
041 _2sat
_asat
082 _aO15,1AxM79, 31K2
100 _aRajagopalchari
_9627508
245 0 _aChakravarithi thirumakan
650 _aSANSKRIT LITERATURE
942 _hO15,1AxM79, 31K2
_cTEXL
_2cc
999 _c1034781
_d1034781